| 000 | 00639nam a2200241Ia 4500 | ||
|---|---|---|---|
| 008 | 160803s9999 xx 000 0 und d | ||
| 020 | _a0 590629468 | ||
| 100 | _aAlborough, Jez | ||
| 245 | _aCuddly Dudley / | ||
| 245 | _cJez Alborough. | ||
| 260 | _aNew York : | ||
| 260 | _bScholastic Inc. | ||
| 260 | _c1993 | ||
| 300 | _a26 unnumbered pages : | ||
| 300 | _bcolor illustrations ; | ||
| 300 | _c22 x 28 cm | ||
| 500 | _aOriginally published: Cambridge, Massachusetts : Candlewick Press, c1993. | ||
| 650 | _aFamily life -- | ||
| 650 | _aPenguins -- | ||
| 650 | _xFiction. | ||
| 650 | _xFiction. | ||
| 700 | _a530 | ||
| 999 |
_c299031 _d299031 |
||